000
00326nam a22001337a 4500
003
SGT
020
_a
09726586
082
_a
133.9,SIN
100
_a
DR T.D. SINGH
245
_a
SAVIJNAM SCIENTIFIC EXPLORATION FOR A SPIRITUAL PARODIGM
260
_a
KOLKATA
_b
BHAKTIVEDANTA INSTITUTE
_c
2010
300
_a
140
942
_2
ddc
_c
BK
999
_c
23407
_d
23407